|
|
|
|
| LEADER |
00978nam a2200325 4500 |
| 001 |
DLU090079229 |
| 005 |
##20090619 |
| 040 |
# |
# |
|a DLU
|b eng
|
| 041 |
# |
# |
|a eng
|
| 044 |
# |
# |
|a KR
|
| 100 |
# |
# |
|a Ju, Hyung-Jun.
|
| 245 |
# |
# |
|a The analysis results of lightning overvoltages by EMTP for lightning protection design of 500kV substations /
|c Hyung-Jun Ju, Heung-Ho Lee.
|
| 653 |
# |
# |
|a Electro-magnetic transient program
|
| 653 |
# |
# |
|a EMTP
|
| 653 |
# |
# |
|a Lightning
|
| 653 |
# |
# |
|a Lightning overvoltage
|
| 653 |
# |
# |
|a Over-voltages
|
| 653 |
# |
# |
|a Substation
|
| 653 |
# |
# |
|a Transmission line
|
| 700 |
# |
# |
|a Lee, Heung-Ho.
|
| 773 |
# |
# |
|t Power Engineering
|g Vol. 5-A, no. 4 (2005), p. 366-370
|
| 920 |
# |
# |
|a Phòng Tạp chí -- Trung tâm Thông tin - Thư viện Trường Đại học Đà Lạt
|
| 994 |
# |
# |
|a DLU
|
| 900 |
# |
# |
|a True
|
| 911 |
# |
# |
|a Trương Bảo Trâm Anh
|
| 925 |
# |
# |
|a G
|
| 926 |
# |
# |
|a A
|
| 927 |
# |
# |
|a BB
|
| 980 |
# |
# |
|a Thư viện Trường Đại học Đà Lạt
|